[Event "AUTO-INT-1645"]
[Site "http://www.queenalice.com/game.php?id=822614"]
[Date "2010.8.24"]
[Round "2"]
[White "Jodaia"]
[Black "mrjoe"]
[Result "1-0"]
[WhiteElo "1815"]
[BlackElo "1607"]

1. e4 c5 2. c4 g6 3. d3 b5 4. cxb5 Bg7 5. Be3 d6 6. Nc3 Qa5 7. Ne2 Bg4 8. f3 Bd7
9. a4 Nf6 10. d4 Nh5 11. g4 cxd4 12. Bxd4 O-O 13. gxh5 Bxd4 14. Nxd4 a6 15. Qd2
axb5 16. Bxb5 Bxb5 17. hxg6 fxg6 18. Ndxb5 Rxf3 19. e5 dxe5 20. Qd5+ Rf7 21.
Qxe5 Nc6 22. Qe6 Nd4 23. Nxd4 Ra6 24. Qc4 Rf6 25. Nc6 Qc7 26. Ne5 Qxe5+ 27. Kd1
Kg7 28. Kc2 Rf2+ 29. Kb3 Qb8+ 30. Nb5 Rxh2 31. Rxh2 Qxh2 32. Nc7 h5 33. a5 Qg3+
34. Qc3+ Qxc3+ 35. bxc3 e5 36. Nd5 Ra7 37. Kb4 h4 38. Re1 h3 39. Rh1 Rb7+ 40.
Ka4 1-0

[Event "AUTO-INT-1645"]
[Site "http://www.queenalice.com/game.php?id=822617"]
[Date "2010.8.24"]
[Round "2"]
[White "karpovl"]
[Black "Jodaia"]
[Result "0-1"]
[WhiteElo "1679"]
[BlackElo "1770"]

1. e4 e5 2. Nf3 d6 3. Bb5+ c6 4. Bc4 Nf6 5. d3 b5 6. Bb3 a5 7. Bg5 a4 8. Bxf7+
Kxf7 9. b4 Be7 10. Bxf6 Bxf6 11. a3 Re8 12. h4 Kg8 13. O-O Bg4 14. c4 Bxh4 15.
g3 Rf8 16. Nbd2 Bg5 17. Qc2 Bxf3 18. cxb5 cxb5 19. d4 exd4 20. Qd3 Qf6 21. Nxf3
Qxf3 22. Qxd4 Ra6 23. Qd5+ Kh8 24. Qxg5 Qxe4 25. Rfe1 Qd4 26. Rad1 Qxf2+ 27. Kh1
h6 28. Qh5 Qxg3 29. Rg1 Qe5 30. Qg6 d5 31. Qc2 Qh5+ 32. Qh2 Qxh2+ 33. Kxh2 Rd6
34. Rg2 Rf3 35. Rc2 Nc6 36. Kg2 Rxa3 37. Rf2 Kh7 38. Rf3 Rxf3 39. Kxf3 Nxb4 40.
Kf4 a3 41. Ke5 Rd8 42. Rb1 a2 0-1

[Event "AUTO-INT-1645"]
[Site "http://www.queenalice.com/game.php?id=822618"]
[Date "2010.8.24"]
[Round "2"]
[White "Jodaia"]
[Black "karpovl"]
[Result "0-1"]
[WhiteElo "1810"]
[BlackElo "1681"]

1. e4 e5 2. Bc4 Qg5 3. Nf3 Qxg2 4. Ke2 Qg4 5. d3 Nc6 6. c3 Na5 7. Rg1 Qh3 8.
Nbd2 d5 9. Bxd5 Bg4 10. Rh1 Bc5 11. b4 c6 12. Bxc6+ Nxc6 13. bxc5 Nge7 14. Qa4
O-O 15. d4 f5 16. Qc4+ Kh8 17. Qd3 fxe4 18. Qxe4 Rf4 19. Qe3 Nd5 20. Qd3 e4 21.
Qc4 e3 22. Ke1 exd2+ 23. Nxd2 Re8+ 24. Ne4 Rexe4+ 25. Be3 Nxe3 0-1

[Event "AUTO-INT-1645"]
[Site "http://www.queenalice.com/game.php?id=822621"]
[Date "2010.8.24"]
[Round "2"]
[White "Jodaia"]
[Black "FOS2006"]
[Result "1-0"]
[WhiteElo "1780"]
[BlackElo "1736"]

1. d4 c6 2. e4 c5 3. dxc5 Qa5+ 4. Nc3 Qxc5 5. Be3 Qa5 6. Nf3 h6 7. a3 e6 8. b4
Qd8 9. Bc4 d6 10. O-O a6 11. e5 d5 12. Be2 Ne7 13. Na4 Nd7 14. c3 Ng6 15. Bd4 b5
16. Nb2 Be7 17. g3 Bb7 18. Bd3 O-O 19. Bxg6 fxg6 20. Nd3 Rxf3 21. Qxf3 Qc7 22.
Qg4 Nf8 23. Nf4 h5 24. Qh3 Bc8 25. g4 Bg5 26. Ne2 h4 27. f4 Be7 28. g5 Nh7 29.
Qxh4 Bd7 30. Rf3 Qd8 31. Rh3 Nf8 32. Be3 Kf7 33. Nd4 Qc7 34. Rc1 1-0

[Event "AUTO-INT-1645"]
[Site "http://www.queenalice.com/game.php?id=822622"]
[Date "2010.8.24"]
[Round "2"]
[White "FOS2006"]
[Black "Jodaia"]
[Result "0-1"]
[WhiteElo "1666"]
[BlackElo "1794"]

1. e4 e5 2. Nf3 Nc6 3. Be2 Nf6 4. d3 Bc5 5. Bg5 O-O 6. Nc3 h6 7. Be3 Bxe3 8.
fxe3 d6 9. O-O a6 10. Nd5 b5 11. Nxf6+ Qxf6 12. Nd4 Qg6 13. Bh5 Qg5 14. Nxc6 Bh3
15. Qe2 Bd7 16. Nb4 g6 17. Bf3 a5 18. Nd5 c6 19. Nb6 Rad8 20. Nxd7 Rxd7 21. Bg4
Rb7 22. Bf3 h5 23. Qf2 Qh6 24. Rae1 g5 25. g3 g4 26. Bg2 Qe6 27. Rb1 Qxa2 28.
Qf5 Qe6 29. Qxh5 f6 30. Rf5 Rg7 31. Rbf1 Rg6 32. Qxg6+ Kh8 0-1

[Event "AUTO-OPEN-1916"]
[Site "http://www.queenalice.com/game.php?id=824224"]
[Date "2010.8.27"]
[Round "2"]
[White "Jodaia"]
[Black "smagoo"]
[Result "0-1"]
[WhiteElo "1772"]
[BlackElo "2302"]

1. e4 c6 2. d4 d5 3. e5 Bf5 4. Nf3 e6 5. Bd3 Bg6 6. Bxg6 hxg6 7. O-O Nh6 8. Ng5
Nf5 9. Qf3 Be7 10. Qg4 Rh4 11. Nxe6 Rxg4 12. Nxd8 Bxd8 13. c3 Nd7 14. g3 Bb6 15.
Bf4 g5 16. h3 Rxf4 17. gxf4 gxf4 18. Nd2 Nh4 19. Kh2 f6 20. Rae1 fxe5 21. dxe5
Ke7 22. e6 Nc5 23. f3 Nf5 24. Re5 Kf6 25. Re2 Ng3 26. Rfe1 Nxe2 27. Rxe2 Nxe6
28. Nb3 Rh8 29. a4 Ng5 30. a5 Rxh3+ 31. Kg2 Rg3+ 32. Kf1 Rg1# 0-1

[Event "AUTO-OPEN-1916"]
[Site "http://www.queenalice.com/game.php?id=824225"]
[Date "2010.8.27"]
[Round "2"]
[White "smagoo"]
[Black "Jodaia"]
[Result "1-0"]
[WhiteElo "2344"]
[BlackElo "1812"]

1. d4 d5 2. c4 dxc4 3. Nc3 e6 4. Nf3 Nf6 5. Bg5 Be7 6. e3 h6 7. Bh4 g5 8. Bg3 c6
9. Bxc4 b5 10. Bd3 Nd5 11. Ne5 Bb4 12. Qh5 Qf6 13. Nxf7 Rf8 14. Nxg5+ Kd7 15.
Nh7 Qg7 16. Nxf8+ Qxf8 17. O-O Bxc3 18. bxc3 Nxc3 19. Qe5 Ke7 20. Qc7+ Kf6 21.
Bh4# 1-0

[Event "AUTO-OPEN-2020"]
[Site "http://www.queenalice.com/game.php?id=862778"]
[Date "2010.11.23"]
[Round "2"]
[White "Jodaia"]
[Black "Alkuin"]
[Result "1-0"]
[WhiteElo "1803"]
[BlackElo "1702"]

1. e4 c5 2. Bc4 e6 3. Nc3 a6 4. a4 Nf6 5. Nf3 d5 6. e5 Nfd7 7. Be2 Nc6 8. d4
cxd4 9. Nxd4 Ndxe5 10. Bf4 Ng6 11. Be3 Be7 12. Bh5 Bf6 13. Bxg6 hxg6 14. O-O Qc7
15. g3 Bd7 16. f4 O-O-O 17. b4 Nxb4 18. Na2 Nxa2 19. Rxa2 Qc4 20. Rb2 Bxa4 21.
Rf2 Qc3 22. Ra2 Qxe3 23. Rxa4 1-0

[Event "AUTO-OPEN-2020"]
[Site "http://www.queenalice.com/game.php?id=862779"]
[Date "2010.11.23"]
[Round "2"]
[White "Alkuin"]
[Black "Jodaia"]
[Result "1-0"]
[WhiteElo "1601"]
[BlackElo "1796"]

1. e4 e5 2. Nf3 Nf6 3. Nc3 Bb4 4. Nxe5 Bxc3 5. dxc3 Qe7 6. Nf3 Nxe4 7. Be2 O-O
8. O-O d5 9. Qxd5 Nxc3 10. bxc3 Qxe2 11. Ba3 c6 12. Qd4 Re8 13. Rae1 c5 14. Rxe2
Rxe2 15. Qd8+ 1-0

[Event "AUTO-OPEN-2020"]
[Site "http://www.queenalice.com/game.php?id=862780"]
[Date "2010.11.23"]
[Round "2"]
[White "Jodaia"]
[Black "JeanBart"]
[Result "0-1"]
[WhiteElo "1805"]
[BlackElo "2251"]

1. e4 e6 2. Nc3 d5 3. exd5 exd5 4. d4 Nf6 5. Bg5 Be7 6. Qe2 O-O 7. Nxd5 Nxd5 8.
Bxe7 Qxe7 9. Qxe7 Nxe7 10. O-O-O Be6 11. b3 Nbc6 12. Be2 a5 13. Bf3 a4 14. d5
axb3 15. cxb3 Nxd5 16. Bxd5 Bxd5 17. Rxd5 Rxa2 18. Nh3 Ra1+ 19. Kb2 Rxh1 0-1

[Event "AUTO-OPEN-2020"]
[Site "http://www.queenalice.com/game.php?id=862781"]
[Date "2010.11.23"]
[Round "2"]
[White "JeanBart"]
[Black "Jodaia"]
[Result "1-0"]
[WhiteElo "2243"]
[BlackElo "1782"]

1. e4 e5 2. Nf3 Nf6 3. Nc3 Bb4 4. Bc4 O-O 5. O-O Bxc3 6. dxc3 Nxe4 7. Nxe5 Qh4
8. Bxf7+ Rxf7 9. Qd5 Nd6 10. c4 b6 11. Nxf7 Qxc4 12. Nh6+ Kf8 13. Qf3+ Ke8 14.
Re1+ 1-0

[Event "Let's Play Chess!"]
[Site "http://www.queenalice.com/game.php?id=889697"]
[Date "2011.1.22"]
[Round "-"]
[White "ulisses67"]
[Black "Jodaia"]
[Result "0-1"]
[WhiteElo "1244"]
[BlackElo "1825"]

1. Nf3 d5 2. Nc3 Nc6 3. e3 Bg4 4. e4 d4 5. Nd5 e6 6. h3 exd5 7. hxg4 dxe4 8. Nh4
Bb4 9. c3 Bc5 10. Nf5 Qf6 11. Qe2 Nge7 12. Qxe4 O-O-O 13. Nxe7+ Bxe7 14. d3 Bb4
15. cxb4 Rde8 16. g3 Rxe4+ 17. dxe4 Nxb4 18. g5 Qf3 19. Rg1 Nc2+ 20. Kd2 Qxf2+
21. Be2 Nxa1 22. Rd1 Re8 23. Rf1 Qe3+ 24. Kd1 Qxe4 25. Bb5 Qc2# 0-1

[Event "Let's Play Chess!"]
[Site "http://www.queenalice.com/game.php?id=894170"]
[Date "2011.2.1"]
[Round "-"]
[White "gioci"]
[Black "Jodaia"]
[Result "1/2-1/2"]
[WhiteElo "1389"]
[BlackElo "1824"]

1. d4 d5 2. c4 e6 3. cxd5 Qxd5 4. Nf3 Nc6 5. e3 Bd6 6. Bd2 e5 7. Nc3 Qa5 8. Bb5
Qb6 9. h3 a6 10. Bxc6+ Qxc6 11. O-O f6 12. Rc1 b5 13. Ne2 Qd7 14. Bc3 Nh6 15.
dxe5 fxe5 16. Nxe5 Qe6 17. Nf3 O-O 18. a3 Qg6 19. Qd5+ Be6 20. Qg5 Qxg5 21. Nxg5
Bc4 22. Rfe1 Be7 23. Nf3 Bd5 24. Nfd4 c5 25. Nf4 cxd4 26. Nxd5 Bh4 27. Bb4 Bxf2+
28. Kh1 Rf7 29. Rf1 dxe3 30. Rc2 Re8 31. Rfc1 g6 32. Rc8 Rxc8 33. Rxc8+ Kg7 34.
Bc3+ Rf6 35. Bxf6+ Kf7 36. Bd4 Nf5 37. Bxe3 Ng3+ 1/2-1/2

[Event "Let's Play Chess!"]
[Site "http://www.queenalice.com/game.php?id=894295"]
[Date "2011.2.1"]
[Round "-"]
[White "Jodaia"]
[Black "igorjava"]
[Result "1-0"]
[WhiteElo "1761"]
[BlackElo "1976"]

1. e4 c5 2. Bc4 e6 3. Nc3 a6 4. Nf3 Nc6 5. e5 b5 6. Be2 d5 7. d3 f6 8. exf6 Nxf6
9. O-O Bd6 10. g3 O-O 11. Nh4 Bb7 12. Bg4 Nxg4 13. Qxg4 Nd4 14. Be3 Qe8 15. Bxd4
cxd4 16. Ne2 e5 17. Nf5 Qg6 18. Qxg6 hxg6 19. Nxd6 Bc6 20. f4 exf4 21. Rxf4 Rxf4
22. gxf4 Rd8 23. Nxb5 axb5 24. Nxd4 Bd7 25. Kf2 Re8 26. Rg1 Kf7 27. Rg5 Ra8 28.
a3 Be6 29. Nxb5 Ra5 30. Nd4 Bd7 31. Re5 Kf6 32. c4 Bc8 33. Nc6 Rc5 34. Ne7 Bf5
35. Nxd5+ Kf7 36. b4 Rc6 37. b5 Rc5 38. Ke3 Rc8 39. b6 Ra8 40. Re7+ Kf8 41. b7
Rb8 42. a4 Bh3 43. Rc7 Be6 44. Nb6 Ke8 45. Rxg7 Bf7 46. a5 Rxb7 47. Nc8 Kf8 48.
Rh7 Rd7 49. a6 Kg8 50. Rh4 Rc7 51. Nd6 Be6 52. Nb5 Rc6 53. a7 Ra6 54. Nc7 Rxa7
55. Nxe6 Re7 56. f5 gxf5 57. Kf4 Rxe6 58. Kxf5 Re3 59. d4 Kf7 60. Rh7+ Kg8 61.
Ra7 Re2 62. h4 Rh2 63. Kg5 Rd2 64. d5 Rd4 65. Rc7 Kf8 66. h5 Kg8 67. Kg6 Rg4+
68. Kh6 Rf4 69. c5 Rf6+ 70. Kg5 Rf2 71. d6 Rg2+ 72. Kf6 Rf2+ 73. Kg6 Rg2+ 74.
Kh6 Rf2 75. d7 Rf6+ 76. Kg5 1-0

[Event "Let's Play Chess!"]
[Site "http://www.queenalice.com/game.php?id=894352"]
[Date "2011.2.1"]
[Round "-"]
[White "rotwein"]
[Black "Jodaia"]
[Result "1-0"]
[WhiteElo "2039"]
[BlackElo "1827"]

1. d4 d5 2. c4 dxc4 3. e3 b5 4. a4 c6 5. axb5 cxb5 6. Qf3 Nc6 7. Qxc6+ Bd7 8.
Qf3 Qc8 9. Qd1 Nf6 10. Nf3 Bf5 11. Be2 Bxb1 12. Rxb1 Ne4 13. O-O a6 14. Ne5 c3
15. Qc2 f5 16. Qb3 e6 17. bxc3 Nxc3 18. Rb2 Ne4 19. Rc2 Qd8 20. Qxe6+ Qe7 21.
Qc6+ 1-0

[Event "AUTO-ADV-2107"]
[Site "http://www.queenalice.com/game.php?id=917039"]
[Date "2011.3.24"]
[Round "1"]
[White "Pinehill"]
[Black "Jodaia"]
[Result "1-0"]
[WhiteElo "1985"]
[BlackElo "1809"]

1. e4 e5 2. Nf3 d6 3. Bc4 Nf6 4. Nc3 b6 5. h3 Bb7 6. d3 c6 7. O-O b5 8. Bb3 a5
9. Ng5 d5 10. exd5 cxd5 11. Re1 Nc6 12. a3 h6 13. Nf3 b4 14. Nxe5 Nxe5 15. Rxe5+
Be7 16. Ba4+ Nd7 17. Nxd5 Bxd5 18. Rxd5 Ra7 19. Be3 Rc7 20. Bb6 O-O 21. Qg4 f5
22. Qe2 Qc8 23. Qe6+ Kh8 24. Bxc7 Nf6 25. Re5 Qxe6 26. Rxe6 Bc5 27. axb4 axb4
28. Be5 Kh7 29. d4 Bb6 30. Rxb6 1-0

[Event "AUTO-ADV-2107"]
[Site "http://www.queenalice.com/game.php?id=917040"]
[Date "2011.3.24"]
[Round "1"]
[White "Jodaia"]
[Black "Pinehill"]
[Result "0-1"]
[WhiteElo "1785"]
[BlackElo "2014"]

1. e4 c6 2. d4 d5 3. Nc3 dxe4 4. Nxe4 Bf5 5. Bd3 Bxe4 6. Bxe4 Nf6 7. Bf3 Nbd7 8.
Ne2 e6 9. O-O Be7 10. c3 O-O 11. Qb3 Nd5 12. Qxb7 c5 13. Bxd5 exd5 14. Qxd5 Qc7
15. Bf4 Qd8 16. Qf3 Qb6 17. b3 Bd6 18. dxc5 Bxc5 19. b4 Be7 20. a4 Bf6 21. a5
Qb5 22. Bd6 Rfe8 23. Rfe1 Rac8 0-1

[Event "AUTO-ADV-2107"]
[Site "http://www.queenalice.com/game.php?id=917058"]
[Date "2011.3.24"]
[Round "1"]
[White "Lintz"]
[Black "Jodaia"]
[Result "1-0"]
[WhiteElo "1821"]
[BlackElo "1800"]

1. e4 e5 2. Nf3 Nf6 3. Nxe5 Qe7 4. d4 Nxe4 5. Bd3 d5 6. O-O f5 7. Qh5+ g6 8.
Nxg6 Qf7 9. Nf4 Qxh5 10. Nxh5 Nc6 11. Bxe4 fxe4 12. Nf6+ Kd8 13. Nxd5 Nxd4 14.
Ne3 Bh6 15. Nc3 Bxe3 16. Bxe3 Nxc2 17. Rad1+ Bd7 18. Nxe4 Re8 19. Nf6 Re7 20.
Bg5 Kc8 21. Rxd7 Rxd7 22. Nxd7 Kxd7 23. Rd1+ Ke6 24. h4 h5 25. a3 c5 26. Rc1 1-0

[Event "Challenge"]
[Site "http://www.queenalice.com/game.php?id=952096"]
[Date "2011.6.20"]
[Round "-"]
[White "Dsilver"]
[Black "Jodaia"]
[Result "1-0"]
[WhiteElo "1764"]
[BlackElo "1778"]

1. e4 e5 2. Bc4 Nf6 3. d3 d5 4. Bxd5 Nxd5 5. exd5 Qxd5 6. Nc3 Qxg2 7. Qf3 Qg6 8.
Nh3 Bg4 9. Qg3 Bd6 10. Nd5 O-O 11. Ng5 Qf5 12. Rg1 f6 13. Ne4 h5 14. f3 Qxf3 15.
Ndxf6+ gxf6 16. Qxf3 1-0